Statistics for indianapolis colts projected starting lineup 2103-14

Click here to take the quiz!

General Stats

  • This quiz has been taken 60 times
  • The average score is 3 of 23

Answer Stats

HintAnswer% Correct
QBAndrew luck
100%
WRt.y. hilton
53%
WRreggie wayne
44%
TEcoby fleener
29%
OLBrobert mathis
27%
COACHchuck pagano
22%
CBvontae davis
11%
LTanthony castonzo
9%
RBvick ballard
9%
FSlaRon landry
5%
CBgreg toler
5%
Csamson satele
4%
MLBpat angerer
2%
NTricky jean-francois
2%
RTgodster cherlius
0%
SSanthoine bethea
0%
OLBBjoern werner
0%
WRdonnie avery
0%
MLBkavell conner
0%
RGjoe reitz
0%
DEricardo mathews
0%
LGdonnald thomas
0%
DEcorey redding
0%

Score Distribution

Percentile by Number Answered

Percent of People with Each Score

Your Score History

You have not taken this quiz